[Event "POL-chT 1st League"]
[Site "Leba"]
[Date "2023.09.30"]
[Round "8.3"]
[White "Toczek, Grzegorz"]
[Black "Paprocki, Antoni"]
[Result "1/2-1/2"]
[WhiteElo "2267"]
[BlackElo "2161"]
[PlyCount "82"]
[EventDate "2023.09.23"]
[EventType "team-swiss"]
[EventRounds "9"]
[EventCountry "POL"]
[SourceTitle "EXT 2024"]
[Source "ChessBase"]
[SourceDate "2023.10.10"]
[SourceVersion "1"]
[SourceVersionDate "2023.10.10"]
[SourceQuality "1"]
[WhiteTeam "Sedziszow Malopolski"]
[BlackTeam "Konin UKS Smecz"]
[WhiteTeamCountry "POL"]
[BlackTeamCountry "POL"]

1. e4 e5 2. Nf3 Nc6 3. Bb5 a6 4. Ba4 Nf6 5. 0-0 Be7 6. d3 b5 7. Bb3 d6 8. a3 Na5 9. Ba2 c5 10. Bg5 Be6 11. Nc3 0-0 12. Bxf6 Bxf6 13. Nd5 Nc6 14. c3 g6 15. Ne3 Bg7 16. Bd5 Rc8 17. a4 b4 18. a5 bxc3 19. bxc3 Bxd5 20. Nxd5 Ne7 21. Nb6 Rb8 22. Qb3 Nc8 23. Rfb1 Na7 24. Nd2 Nb5 25. Ndc4 Kh8 26. Na3 Nc7 27. Qc4 f5 28. Nd5 Nxd5 29. Qxd5 Qxa5 30. Nc4 Rxb1+ 31. Rxb1 Qa2 32. Rf1 fxe4 33. dxe4 Rd8 34. Qf7 Rf8 35. Qd5 Rd8 36. h4 a5 37. Rd1 Rf8 38. Rd2 Qa1+ 39. Kh2 Qxc3 40. Nxd6 h6 41. h5 gxh5 1/2-1/2

[Event "POL-ch Rapid U18"]
[Site "Bydgoszcz"]
[Date "2023.08.29"]
[Round "3"]
[White "Paprocki, Antoni"]
[Black "Backiel, Hubert"]
[Result "1/2-1/2"]
[WhiteElo "2104"]
[BlackElo "1701"]
[PlyCount "88"]
[EventDate "2023.08.28"]
[EventType "swiss"]
[EventRounds "11"]
[EventCountry "POL"]
[SourceTitle "EXT 2024"]
[Source "ChessBase"]
[SourceDate "2023.10.10"]
[SourceVersion "1"]
[SourceVersionDate "2023.10.10"]
[SourceQuality "1"]

1. d4 d5 2. Nf3 e6 3. g3 Nf6 4. Bg2 b5 5. a4 b4 6. c4 bxc3 7. Nxc3 Be7 8. 0-0 0-0 9. Bf4 Ba6 10. Rc1 c6 11. Ne5 Nfd7 12. Nxd7 Nxd7 13. Re1 Qb6 14. e4 Qxb2 15. exd5 cxd5 16. Nxd5 exd5 17. Rxe7 Nf6 18. Rc6 Bc4 19. Be5 Ng4 20. Qe1 Rae8 21. Rxe8 Rxe8 22. h3 f6 23. hxg4 fxe5 24. dxe5 Qxe5 25. Qxe5 Rxe5 26. Rc7 a6 27. Rd7 Re1+ 28. Kh2 Rd1 29. Bf3 Rd2 30. Kg2 h6 31. Kg1 Kf8 32. Kg2 d4 33. Rc7 Rc2 34. Rd7 d3 35. Be4 Rc3 36. Bg6 a5 37. f4 Bb3 38. Kf2 Bxa4 39. Rf7+ Kg8 40. Ra7 Kf8 41. Rf7+ Kg8 42. Ra7 Kf8 43. Rf7+ Kg8 44. Ra7 Kf8 1/2-1/2

[Event "Polanica Zdroj op 59th"]
[Site "Polanica Zdroj"]
[Date "2023.08.25"]
[Round "7"]
[White "Paprocki, Antoni"]
[Black "Kazmierowski, Tymon"]
[Result "0-1"]
[WhiteElo "2257"]
[BlackElo "2063"]
[PlyCount "94"]
[EventDate "2023.08.19"]
[EventType "swiss"]
[EventRounds "9"]
[EventCountry "POL"]
[SourceTitle "CBM 215 Extra"]
[Source "ChessBase"]
[SourceDate "2023.09.30"]
[SourceVersion "1"]
[SourceVersionDate "2023.09.30"]
[SourceQuality "1"]

1. d4 Nf6 2. c4 e6 3. g3 c5 4. d5 exd5 5. cxd5 d6 6. Nc3 g6 7. Bg2 Bg7 8. Nf3 0-0 9. 0-0 Re8 10. Re1 a6 11. a4 Nbd7 12. Bf4 Ng4 13. Bg5 Qb6 14. h3 Qxb2 15. Bd2 Bxc3 16. Rb1 Qa3 17. hxg4 Bxd2 18. Nxd2 Ne5 19. Ne4 Rd8 20. Qd2 Nxg4 21. Bh3 Bf5 22. Bxg4 Bxe4 23. Rxb7 Rab8 24. Rxb8 Rxb8 25. f3 Rb1 26. Rxb1 Bxb1 27. Qf4 Qb4 28. Qxd6 Qe1+ 29. Kg2 Qxe2+ 30. Kg1 Qe1+ 31. Kg2 h5 32. Qb8+ Kh7 33. Qb7 Qd2+ 34. Kh1 Qd1+ 35. Kg2 Qe2+ 36. Kg1 Kg8 37. Qxb1 hxg4 38. fxg4 Qe3+ 39. Kh2 Qd2+ 40. Kg1 Qxd5 41. Qb8+ Kg7 42. Qb2+ Qd4+ 43. Qxd4+ cxd4 44. g5 f5 45. Kf1 Kf7 46. Ke2 Ke6 47. Kd3 Kd5 0-1

[Event "Polanica Zdroj op 59th"]
[Site "Polanica Zdroj"]
[Date "2023.08.21"]
[Round "3"]
[White "Paprocki, Antoni"]
[Black "Chaczynski, Kamil"]
[Result "1/2-1/2"]
[WhiteElo "2257"]
[BlackElo "2115"]
[PlyCount "35"]
[EventDate "2023.08.19"]
[EventType "swiss"]
[EventRounds "9"]
[EventCountry "POL"]
[SourceTitle "CBM 215 Extra"]
[Source "ChessBase"]
[SourceDate "2023.09.30"]
[SourceVersion "1"]
[SourceVersionDate "2023.09.30"]
[SourceQuality "1"]

1. e4 e5 2. Nf3 Nc6 3. d4 exd4 4. Nxd4 Nf6 5. Nxc6 bxc6 6. Qe2 Bc5 7. e5 Nd5 8. Qg4 0-0 9. Bh6 g6 10. Bxf8 Qxf8 11. Bd3 d6 12. Qa4 Rb8 13. Nc3 Rb4 14. Qxc6 Bb7 15. Qd7 Bc8 16. Qc6 Bb7 17. Qd7 Bc8 18. Qc6 1/2-1/2

[Event "Warsaw Maciei Memorial"]
[Site "Warsaw"]
[Date "2023.07.10"]
[Round "9"]
[White "Paprocki, Antoni"]
[Black "Mickiewicz, Piotr"]
[Result "1/2-1/2"]
[WhiteElo "2196"]
[BlackElo "2245"]
[PlyCount "112"]
[EventDate "2023.07.10"]
[EventType "swiss (blitz)"]
[EventRounds "11"]
[EventCountry "POL"]
[SourceTitle "CBM 215 Extra"]
[Source "ChessBase"]
[SourceDate "2023.09.30"]
[SourceVersion "1"]
[SourceVersionDate "2023.09.30"]
[SourceQuality "1"]

1. g3 Nf6 2. Bg2 e5 3. c4 d5 4. cxd5 Nxd5 5. Nc3 Nb6 6. Nf3 Nc6 7. 0-0 Be7 8. a3 0-0 9. b4 Re8 10. Bb2 Bf8 11. Rc1 Bg4 12. Ne4 a5 13. Rxc6 Bxf3 14. Bxf3 bxc6 15. Qb3 axb4 16. axb4 Nd5 17. b5 cxb5 18. Rc1 Rb8 19. Nc5 c6 20. Ne4 Rb6 21. d4 exd4 22. Bxd4 Ra6 23. Bb2 Qd7 24. Rd1 Qa7 25. Nc3 Nxc3 26. Qxc3 c5 27. Bd5 c4 28. Qf3 Ra2 29. Bd4 Qc7 30. e4 Ra3 31. Qg4 Qc8 32. Qf4 Qd7 33. Rb1 Qe7 34. Rxb5 Rd3 35. Ba1 Rd1+ 36. Kg2 Rxa1 37. Rb7 Qf6 38. Bxf7+ Kh8 39. Qxf6 gxf6 40. Bxe8 c3 41. Rc7 Ra3 42. Bf7 Bd6 43. Rc6 Be5 44. Bd5 Kg7 45. g4 Ra1 46. h4 Rc1 47. Rc8 h5 48. g5 fxg5 49. hxg5 Kh7 50. Bf7 Bf4 51. g6+ Kg7 52. Rg8+ Kf6 53. Rc8 c2 54. Bb3 h4 55. Rxc2 Rb1 56. Bd5 Kxg6 1/2-1/2

[Event "Warsaw Maciei Memorial"]
[Site "Warsaw"]
[Date "2023.07.10"]
[Round "3"]
[White "Paprocki, Antoni"]
[Black "Wieckowski, Kamil"]
[Result "1-0"]
[WhiteElo "2196"]
[BlackElo "1384"]
[PlyCount "83"]
[EventDate "2023.07.10"]
[EventType "swiss (blitz)"]
[EventRounds "11"]
[EventCountry "POL"]
[SourceTitle "CBM 215 Extra"]
[Source "ChessBase"]
[SourceDate "2023.09.30"]
[SourceVersion "1"]
[SourceVersionDate "2023.09.30"]
[SourceQuality "1"]

1. e4 c5 2. Nf3 e6 3. d4 cxd4 4. Nxd4 Nf6 5. Nc3 Bb4 6. e5 Bxc3+ 7. bxc3 Qa5 8. exf6 Qxc3+ 9. Qd2 Qxa1 10. fxg7 Rg8 11. Nb5 Qe5+ 12. Be2 d5 13. f4 Qxg7 14. Nc7+ Kd8 15. Nxa8 Qxg2 16. Rf1 Nc6 17. Ba3 b6 18. Bd6 Bb7 19. Nc7 Kd7 20. Be5 Nxe5 21. fxe5 Kxc7 22. Rxf7+ Kb8 23. Qc3 Qg1+ 24. Bf1 Qc5 25. Qxc5 bxc5 26. Rxh7 Rg5 27. Rh8+ Kc7 28. Rh7+ Kb6 29. h4 Rxe5+ 30. Kd2 Rf5 31. Bh3 Rf2+ 32. Kc1 e5 33. h5 Ba6 34. h6 Rh2 35. Bf5 Rh1+ 36. Kb2 c4 37. Rh8 d4 38. h7 c3+ 39. Ka3 Ka5 40. Re8 Rxh7 41. Bxh7 d3 42. Rxe5+ 1-0

[Event "Bydgoszcz op-A"]
[Site "Bydgoszcz"]
[Date "2023.07.01"]
[Round "8"]
[White "Paprocki, Antoni"]
[Black "Fiedorek, Michal"]
[Result "1-0"]
[WhiteElo "2197"]
[BlackElo "2333"]
[PlyCount "73"]
[EventDate "2023.06.24"]
[EventType "swiss"]
[EventRounds "9"]
[EventCountry "POL"]
[SourceTitle "CBM 215 Extra"]
[Source "ChessBase"]
[SourceDate "2023.09.30"]
[SourceVersion "1"]
[SourceVersionDate "2023.09.30"]
[SourceQuality "1"]

1. d4 Nf6 2. c4 g6 3. Nf3 Bg7 4. g3 0-0 5. Bg2 d6 6. 0-0 c5 7. d5 Re8 8. Nc3 e6 9. Re1 exd5 10. cxd5 Nbd7 11. e4 a6 12. a4 Ng4 13. Nd2 Nge5 14. Bf1 g5 15. Be2 Qf6 16. Nf1 Ng6 17. Ne3 Nde5 18. Kg2 b6 19. Ra3 Bd7 20. Rb3 Reb8 21. Rf1 Bh6 22. Bg4 Nxg4 23. Nxg4 Bxg4 24. Qxg4 c4 25. Rb4 Ne5 26. Qf5 Qg7 27. Be3 g4 28. Bd4 b5 29. axb5 axb5 30. Rxb5 Bd2 31. Ra1 Qg6 32. Bxe5 Qxf5 33. exf5 dxe5 34. Rxa8 Rxa8 35. Ne4 Bc1 36. Nf6+ Kg7 37. Nxg4 1-0

[Event "Bydgoszcz op-A"]
[Site "Bydgoszcz"]
[Date "2023.06.29"]
[Round "6"]
[White "Kucza, Karol"]
[Black "Paprocki, Antoni"]
[Result "1-0"]
[WhiteElo "2345"]
[BlackElo "2197"]
[PlyCount "85"]
[EventDate "2023.06.24"]
[EventType "swiss"]
[EventRounds "9"]
[EventCountry "POL"]
[SourceTitle "CBM 215 Extra"]
[Source "ChessBase"]
[SourceDate "2023.09.30"]
[SourceVersion "1"]
[SourceVersionDate "2023.09.30"]
[SourceQuality "1"]

1. e4 c6 2. d4 d5 3. e5 Bf5 4. c4 e6 5. Nc3 Ne7 6. Nf3 Bg4 7. Be3 dxc4 8. Bxc4 Nf5 9. Be2 Nd7 10. 0-0 Nb6 11. Qd3 Be7 12. Rfd1 0-0 13. Rac1 Nd5 14. a3 Nfxe3 15. fxe3 Nxc3 16. Rxc3 a5 17. Qb1 Qb6 18. Bd3 Bxf3 19. gxf3 g6 20. Qc2 Rac8 21. Be4 Rc7 22. Kh1 c5 23. d5 exd5 24. Bxd5 Kg7 25. a4 c4 26. Rd4 Rfc8 27. Qe2 Bb4 28. Rcxc4 Rxc4 29. Bxc4 Rc7 30. b3 Bc3 31. Rd5 Re7 32. f4 Qc6 33. Qd3 Bb4 34. e4 f6 35. Rd8 fxe5 36. fxe5 h5 37. Qf3 Rc7 38. Qf6+ Qxf6 39. Rg8+ Kh7 40. exf6 b5 41. axb5 a4 42. b6 Rxc4 43. Rg7+ 1-0

[Event "Bydgoszcz op-A"]
[Site "Bydgoszcz"]
[Date "2023.06.26"]
[Round "3"]
[White "Paprocki, Antoni"]
[Black "Karut, Kacper"]
[Result "1-0"]
[WhiteElo "2197"]
[BlackElo "1954"]
[PlyCount "84"]
[EventDate "2023.06.24"]
[EventType "swiss"]
[EventRounds "9"]
[EventCountry "POL"]
[SourceTitle "CBM 215 Extra"]
[Source "ChessBase"]
[SourceDate "2023.09.30"]
[SourceVersion "1"]
[SourceVersionDate "2023.09.30"]
[SourceQuality "1"]

1. e4 c5 2. Nf3 Nc6 3. d4 cxd4 4. Nxd4 Nf6 5. Nc3 d6 6. Bg5 Bd7 7. Qd2 Rc8 8. 0-0-0 Nxd4 9. Qxd4 Qa5 10. f4 h6 11. Bxf6 gxf6 12. Kb1 Qc5 13. Qd3 a6 14. f5 h5 15. h4 Bh6 16. g3 b5 17. Rh2 Bc6 18. Be2 b4 19. Nd5 Bxd5 20. exd5 Be3 21. Qe4 a5 22. Ba6 Rc7 23. Re2 Bh6 24. Qd3 Rg8 25. Bb5+ Kf8 26. Bc6 Rg4 27. Rde1 Qc4 28. Qxc4 Rxc4 29. Re4 Rxe4 30. Rxe4 Rc8 31. c3 Rb8 32. Kc2 bxc3 33. bxc3 Rb6 34. g4 hxg4 35. Rxg4 Bg7 36. Ra4 Ra6 37. Kd3 e6 38. Bb5 Rb6 39. Rxa5 Bh6 40. Ra8+ Kg7 41. fxe6 Rxb5 42. e7 Rxd5+ 1-0

[Event "POL-ch U18"]
[Site "Jastrzebia Gora"]
[Date "2023.??.??"]
[Round "6"]
[White "Paprocki, Antoni"]
[Black "Budzisz, Adrian"]
[Result "1-0"]
[WhiteElo "2255"]
[BlackElo "2069"]
[PlyCount "81"]
[EventDate "2023.03.11"]
[EventType "swiss"]
[EventRounds "9"]
[EventCountry "POL"]
[SourceTitle "CBM 213 Extra"]
[Source "ChessBase"]
[SourceDate "2023.05.31"]
[SourceVersion "1"]
[SourceVersionDate "2023.05.31"]
[SourceQuality "1"]

1. e4 e6 2. d4 d5 3. e5 c5 4. c3 Nc6 5. Nf3 Qb6 6. a3 c4 7. Nbd2 Na5 8. h4 Bd7 9. Rb1 Qc7 10. g3 Ne7 11. Bh3 Nc8 12. Nf1 Nb6 13. N1h2 Nb3 14. Be3 h6 15. h5 0-0-0 16. 0-0 Be7 17. Qe2 Rdg8 18. Kh1 Qd8 19. Ne1 Kb8 20. Ng2 Nc8 21. Rbe1 Ka8 22. f4 g6 23. hxg6 Rxg6 24. f5 Rxg3 25. f6 Bf8 26. Qh5 Qe8 27. Bg4 Rxe3 28. Rxe3 Nd2 29. Rfe1 Ne4 30. Kg1 Nb6 31. Nf1 Na4 32. R1e2 Bc6 33. Nd2 Ng5 34. Nf3 Ne4 35. Kh2 Rg8 36. Nf4 Qb8 37. Qxf7 Nxf6 38. Qxf6 Rxg4 39. Nxe6 Bd7 40. Nxf8 Qe8 41. Kh1 1-0

[Event "POL-ch U18"]
[Site "Jastrzebia Gora"]
[Date "2023.??.??"]
[Round "4"]
[White "Paprocki, Antoni"]
[Black "Kozlowski, Franciszek"]
[Result "1/2-1/2"]
[WhiteElo "2255"]
[BlackElo "1829"]
[PlyCount "99"]
[EventDate "2023.03.11"]
[EventType "swiss"]
[EventRounds "9"]
[EventCountry "POL"]
[SourceTitle "CBM 213 Extra"]
[Source "ChessBase"]
[SourceDate "2023.05.31"]
[SourceVersion "1"]
[SourceVersionDate "2023.05.31"]
[SourceQuality "1"]

1. d4 Nf6 2. c4 e6 3. g3 d5 4. Bg2 Bb4+ 5. Nd2 0-0 6. Ngf3 b6 7. Ne5 Bb7 8. 0-0 Nfd7 9. Ndf3 Be7 10. cxd5 Bxd5 11. Nxd7 Nxd7 12. Qc2 Nf6 13. Bg5 Be4 14. Qa4 h6 15. Bxf6 Bxf6 16. Rac1 c6 17. Rfd1 Qd5 18. Ne1 Bxg2 19. Nxg2 Qe4 20. Kf1 Rfd8 21. Qxc6 Qxc6 22. Rxc6 Rxd4 23. Rxd4 Bxd4 24. b3 b5 25. e3 Bb6 26. Nf4 Rd8 27. Ke2 Kf8 28. Nd3 Ke7 29. Ne5 Rd5 30. f4 Rc5 31. Rxc5 Bxc5 32. b4 Bb6 33. Kd3 f6 34. Nc6+ Kd6 35. Nd4 Bxd4 36. Kxd4 h5 37. Ke4 g6 38. h3 Kc6 39. g4 Kd6 40. gxh5 gxh5 41. f5 e5 42. Kd3 Kd5 43. e4+ Kd6 44. Ke3 Ke7 45. Kf3 Kf7 46. Kg3 Kg7 47. Kh4 Kh6 48. a3 a6 49. Kg3 Kg5 50. h4+ 1/2-1/2

[Event "Bayern-chI Bank Hofmann 25th"]
[Site "Tegernsee"]
[Date "2022.11.10"]
[Round "6"]
[White "Paprocki, Antoni"]
[Black "Hoehfeld, Markus"]
[Result "1-0"]
[WhiteElo "2172"]
[BlackElo "1820"]
[PlyCount "55"]
[EventDate "2022.11.05"]
[EventType "swiss"]
[EventRounds "9"]
[EventCountry "GER"]
[SourceTitle "CBM 211 Extra"]
[Source "ChessBase"]
[SourceDate "2023.01.31"]
[SourceVersion "1"]
[SourceVersionDate "2023.01.31"]
[SourceQuality "1"]

1. e4 e6 2. d4 d5 3. e5 c5 4. c3 Qb6 5. Nf3 Nc6 6. Be2 cxd4 7. cxd4 Nge7 8. Na3 Nf5 9. Nc2 Be7 10. g4 Nh4 11. Nxh4 Bxh4 12. 0-0 Bd7 13. Kg2 f5 14. gxf5 exf5 15. Bd2 0-0 16. Bc3 Rae8 17. f4 Re6 18. Ne3 Ne7 19. Qb3 Qc6 20. Bf3 Rg6+ 21. Kh1 Be6 22. Bb4 Rd8 23. Ng2 Rxg2 24. Bxg2 Qd7 25. Bxe7 Bxe7 26. Rac1 Rb8 27. Rc3 Bd8 28. Rc5 1-0

[Event "POL-chT 2nd League"]
[Site "Jastrzebia Gora"]
[Date "2022.09.06"]
[Round "4.20"]
[White "Luberanski, Jakub"]
[Black "Paprocki, Antoni"]
[Result "1-0"]
[WhiteElo "2211"]
[BlackElo "2074"]
[PlyCount "39"]
[EventDate "2022.09.03"]
[EventType "team-swiss"]
[EventRounds "9"]
[EventCountry "POL"]
[SourceTitle "CBM 210 Extra"]
[Source "ChessBase"]
[SourceDate "2022.11.30"]
[SourceVersion "1"]
[SourceVersionDate "2022.11.30"]
[SourceQuality "1"]
[WhiteTeam "Wroclaw Polonia"]
[BlackTeam "Krakow Gens Una Sumus"]
[WhiteTeamCountry "POL"]
[BlackTeamCountry "POL"]

1. d4 Nf6 2. c4 e6 3. Nc3 Bb4 4. a3 Bxc3+ 5. bxc3 0-0 6. f3 d5 7. cxd5 exd5 8. e3 b6 9. Bd3 Ba6 10. Ne2 c5 11. 0-0 Re8 12. Ng3 Bxd3 13. Qxd3 Nc6 14. Bb2 h5 15. Rae1 h4 16. Nf5 h3 17. e4 hxg2 18. Rf2 Ne7 19. Nh4 Nh5 20. Bc1 1-0

[Event "POL-chT 2nd League"]
[Site "Jastrzebia Gora"]
[Date "2022.09.03"]
[Round "1.74"]
[White "Paprocki, Antoni"]
[Black "Szewczyk, Mariusz1111"]
[Result "1/2-1/2"]
[WhiteElo "2074"]
[BlackElo "2058"]
[PlyCount "82"]
[EventDate "2022.09.03"]
[EventType "team-swiss"]
[EventRounds "9"]
[EventCountry "POL"]
[SourceTitle "CBM 210 Extra"]
[Source "ChessBase"]
[SourceDate "2022.11.30"]
[SourceVersion "1"]
[SourceVersionDate "2022.11.30"]
[SourceQuality "1"]
[WhiteTeam "Krakow Gens Una Sumus"]
[BlackTeam "Bialoleka Sparta"]
[WhiteTeamCountry "POL"]
[BlackTeamCountry "POL"]

1. d4 d5 2. c4 c6 3. Nf3 Nf6 4. e3 e6 5. Bd3 Be7 6. Nbd2 0-0 7. e4 dxe4 8. Nxe4 Nbd7 9. 0-0 Nxe4 10. Bxe4 Nf6 11. Bc2 b6 12. Qd3 c5 13. Bg5 g6 14. Rfd1 Qc7 15. Qc3 Ng4 16. h3 Bxg5 17. Nxg5 Qh2+ 18. Kf1 Qf4 19. Qd2 Qxd2 20. Rxd2 Nf6 21. dxc5 bxc5 22. Ne4 Nxe4 23. Bxe4 Rb8 24. b3 Bb7 25. Bxb7 Rxb7 26. Rd6 Rb6 27. Rxb6 axb6 28. Rd1 Ra8 29. a4 Kg7 30. Rd7 Rc8 31. Rd6 Rb8 32. Rd7 Rc8 33. Ke2 Rc6 34. Ke3 g5 35. Ke4 Kf6 36. g4 h6 37. f3 Rc8 38. Rd6 Rb8 39. Rd7 Rc8 40. Rd6 Rb8 41. Rc6 Rb7 1/2-1/2

[Event "Polanica Zdroj op-A 58th"]
[Site "Polanica Zdroj"]
[Date "2022.08.14"]
[Round "2"]
[White "Siekanska, Maria"]
[Black "Paprocki, Antoni"]
[Result "1/2-1/2"]
[WhiteElo "1964"]
[BlackElo "1981"]
[PlyCount "82"]
[EventDate "2022.08.13"]
[EventType "swiss"]
[EventRounds "9"]
[EventCountry "POL"]
[SourceTitle "CBM 210 Extra"]
[Source "ChessBase"]
[SourceDate "2022.11.30"]
[SourceVersion "1"]
[SourceVersionDate "2022.11.30"]
[SourceQuality "1"]

1. d4 Nf6 2. c4 g6 3. g3 Bg7 4. Bg2 0-0 5. Nf3 d6 6. 0-0 c6 7. Nc3 Bf5 8. Nh4 Be6 9. b3 d5 10. c5 b6 11. cxb6 axb6 12. Bb2 Nfd7 13. Rc1 Bf6 14. Nf3 Bg4 15. a3 Bxf3 16. Bxf3 e5 17. dxe5 Bxe5 18. Qc2 Nc5 19. Rfd1 Nbd7 20. Bg2 Ne6 21. e3 Qe7 22. b4 b5 23. e4 d4 24. Ne2 c5 25. bxc5 Ndxc5 26. Nxd4 Nxd4 27. Bxd4 Bxd4 28. Rxd4 Ne6 29. Rb4 Rxa3 30. Rcb1 Qa7 31. Qc1 Ra2 32. R1b2 Ra1 33. Rb1 Ra2 34. R4b2 Rxb2 35. Rxb2 Rb8 36. Qb1 Qc5 37. Rb4 Nc7 38. Bf1 Rd8 39. Rb2 Rb8 40. Rb4 Rd8 41. Rb2 Rb8 1/2-1/2

[Event "Suwalki Warakomska Memorial 6th"]
[Site "Suwalki"]
[Date "2022.08.05"]
[Round "4"]
[White "Paprocki, Antoni"]
[Black "Kulon, Klaudia"]
[Result "1-0"]
[WhiteElo "2125"]
[BlackElo "2265"]
[PlyCount "61"]
[EventDate "2022.08.03"]
[EventType "swiss"]
[EventRounds "9"]
[EventCountry "POL"]
[SourceTitle "CBM 209 Extra"]
[Source "ChessBase"]
[SourceDate "2022.09.30"]
[SourceVersion "1"]
[SourceVersionDate "2022.09.30"]
[SourceQuality "1"]

1. Nf3 Nf6 2. c4 g6 3. d4 Bg7 4. g3 0-0 5. Bg2 d6 6. 0-0 Nc6 7. Nc3 Bf5 8. Ne1 Qd7 9. e4 Bg4 10. f3 Bh3 11. Be3 Bxg2 12. Kxg2 e5 13. d5 Ne7 14. b4 Ne8 15. Nd3 f5 16. c5 h5 17. b5 fxe4 18. fxe4 Rxf1 19. Qxf1 Nf6 20. c6 bxc6 21. bxc6 Qc8 22. Rb1 Qa6 23. Nf2 Qa5 24. Qc4 a6 25. Rb4 Qa3 26. Nd3 Ng4 27. Bg1 Nc8 28. h3 Nb6 29. Bxb6 cxb6 30. hxg4 b5 31. Qb3 1-0

[Event "Bydgoszcz op-A"]
[Site "Bydgoszcz"]
[Date "2022.06.26"]
[Round "2"]
[White "Paprocki, Antoni"]
[Black "Kosakowski, Jakub"]
[Result "0-1"]
[WhiteElo "1949"]
[BlackElo "2436"]
[PlyCount "70"]
[EventDate "2022.06.25"]
[EventType "swiss"]
[EventRounds "10"]
[EventCountry "POL"]
[SourceTitle "CBM 209 Extra"]
[Source "ChessBase"]
[SourceDate "2022.09.30"]
[SourceVersion "1"]
[SourceVersionDate "2022.09.30"]
[SourceQuality "1"]

1. d4 Nf6 2. c4 g6 3. Nf3 Bg7 4. g3 d5 5. cxd5 Nxd5 6. Bg2 Nb6 7. 0-0 Nc6 8. Nc3 Nxd4 9. Nxd4 Qxd4 10. a4 Qxd1 11. Rxd1 Bxc3 12. bxc3 a5 13. Bf4 c6 14. Bc7 Nd7 15. e4 0-0 16. f4 Ra7 17. Bh3 f5 18. e5 b6 19. e6 Rxc7 20. exd7 Bxd7 21. c4 Rb8 22. Bf1 Kf7 23. Kf2 Be6 24. Ke3 Rd7 25. Rdc1 c5 26. Rab1 Rd6 27. Rb3 Bd7 28. Ra1 Kf6 29. Bd3 e5 30. fxe5+ Kxe5 31. h4 Kf6 32. Kd2 Re8 33. Rab1 Ree6 34. Ra3 Re4 35. Kc2 Re3 0-1

[Event "Krakow Malopolski op"]
[Site "Krakow"]
[Date "2022.06.18"]
[Round "5"]
[White "Cichon, Bartlomiej"]
[Black "Paprocki, Antoni"]
[Result "1/2-1/2"]
[WhiteElo "1872"]
[BlackElo "1949"]
[PlyCount "145"]
[EventDate "2022.06.16"]
[EventType "swiss"]
[EventRounds "7"]
[EventCountry "POL"]
[SourceTitle "EXT 2023"]
[Source "ChessBase"]
[SourceDate "2022.10.05"]
[SourceVersion "1"]
[SourceVersionDate "2022.10.05"]
[SourceQuality "1"]

1. e4 c5 2. Nf3 d6 3. d4 cxd4 4. Nxd4 Nf6 5. Nc3 a6 6. h3 e5 7. Nde2 b5 8. g4 b4 9. Nd5 Nxd5 10. Qxd5 Ra7 11. Be3 Be6 12. Qd3 Rb7 13. Bg2 Be7 14. Ng3 g6 15. 0-0 Qc7 16. b3 0-0 17. Rfd1 Rc8 18. Rd2 Qa5 19. Nf5 gxf5 20. exf5 Rc3 21. Qe2 Bc8 22. g5 e4 23. Bxe4 Rxe3 24. Qxe3 Qe5 25. Re1 Rb5 26. f4 Qc5 27. Qxc5 Rxc5 28. f6 Bf8 29. Rd5 Rc3 30. h4 Be6 31. Rd2 Nc6 32. Ree2 d5 33. Bxd5 Nd4 34. Rxd4 Bc5 35. Bxe6 Bxd4+ 36. Kg2 fxe6 37. Rd2 Bxf6 38. gxf6 Kf7 39. f5 exf5 40. Rd7+ Kxf6 41. Rd6+ Ke5 42. Rxa6 Rxc2+ 43. Kf3 Rc3+ 44. Ke2 Ke4 45. Re6+ Kf4 46. Rb6 Kg3 47. Rxb4 f4 48. Kd2 f3 49. Rb7 Rc6 50. Rxh7 Rd6+ 51. Ke3 Re6+ 52. Kd3 Rf6 53. Rg7+ Kh2 54. Rc7 f2 55. Rc1 Kg2 56. Kd4 Rd6+ 57. Ke3 f1Q 58. Rxf1 Kxf1 59. Kf4 Rd5 60. a4 Ke2 61. b4 Rd4+ 62. Kg5 Kf3 63. h5 Rd5+ 64. Kg6 Kg4 65. b5 Rd6+ 66. Kf7 Kxh5 67. Ke7 Rd4 68. b6 Rxa4 69. Kd6 Rb4 70. Kc7 Rc4+ 71. Kd6 Rb4 72. Kc7 Rxb6 73. Kxb6 1/2-1/2

[Event "Krakow Malopolski op"]
[Site "Krakow"]
[Date "2022.06.16"]
[Round "2"]
[White "Paprocki, Antoni"]
[Black "Smetek, Michal"]
[Result "1-0"]
[WhiteElo "1949"]
[BlackElo "1805"]
[PlyCount "77"]
[EventDate "2022.06.16"]
[EventType "swiss"]
[EventRounds "7"]
[EventCountry "POL"]
[SourceTitle "EXT 2023"]
[Source "ChessBase"]
[SourceDate "2022.10.05"]
[SourceVersion "1"]
[SourceVersionDate "2022.10.05"]
[SourceQuality "1"]

1. d4 Nf6 2. c4 e6 3. g3 d5 4. Bg2 Be7 5. Nf3 0-0 6. 0-0 c6 7. Nc3 b6 8. Ne5 Bb7 9. e4 Nbd7 10. Nxc6 Bxc6 11. exd5 exd5 12. cxd5 Bb7 13. d6 Bxg2 14. dxe7 Qxe7 15. Kxg2 Rfd8 16. Re1 Qb4 17. a3 Qc4 18. Be3 Ne5 19. Qa4 Qxa4 20. Nxa4 Nc4 21. b3 Na5 22. b4 Nc4 23. Rec1 b5 24. Nc3 Nxe3+ 25. fxe3 Rab8 26. Kf3 h5 27. Rd1 Rd7 28. e4 Rc7 29. Rac1 a5 30. bxa5 Ra7 31. e5 Nd7 32. Nd5 Rxa5 33. Rd3 Kh7 34. Rc7 Rd8 35. Ke4 Nf8 36. Rxf7 Ne6 37. h4 Ra4 38. Nb4 Raa8 39. Re7 1-0